The noble scholar, jurist, historian


 His Excellency Dr. Abdul Wahhab bin Ibrahim Abu Sulaiman, may Allah have mercy on him.


 He was born in Umm Al-Qura in the year 1356 AH.

شرح الضياء على قصيدة السيد أحمد باشا الضي في مناسك الحج والعمرة على المذاهب الأربعة / (Record no. 14553)

MARC details
000 -LEADER
fixed length control field 01405cam a22002771i 4500
003 - CONTROL NUMBER IDENTIFIER
control field SA-RiAUC
005 - DATE AND TIME OF LATEST TRANSACTION
control field 20260313120407.0
008 - FIXED-LENGTH DATA ELEMENTS--GENERAL INFORMATION
fixed length control field 260312s1910 ua a g f000 0 ara c
040 ## - CATALOGING SOURCE
Original cataloging agency MUFTI
Language of cataloging ara
Transcribing agency SA-RiAUC
Description conventions rda
082 04 - DEWEY DECIMAL CLASSIFICATION NUMBER
Classification number 252.5
090 ## - LOCALLY ASSIGNED LC-TYPE CALL NUMBER (OCLC); LOCAL CALL NUMBER (RLIN)
Classification number (OCLC) (R) ; Classification number, CALL (RLIN) (NR) م ن 252.5
Local cutter number (OCLC) ; Book number/undivided call number, CALL (RLIN) س ر س
100 1# - MAIN ENTRY--PERSONAL NAME
Personal name السرسي، أحمد النشوقي
Relator term مؤلف.
245 10 - TITLE STATEMENT
Title شرح الضياء على قصيدة السيد أحمد باشا الضي في مناسك الحج والعمرة على المذاهب الأربعة /
Statement of responsibility, etc. أحمد النشوقي السرسي.
250 ## - EDITION STATEMENT
Edition statement الطبعة الأولى.
264 #1 - PRODUCTION, PUBLICATION, DISTRIBUTION, MANUFACTURE, AND COPYRIGHT NOTICE
Place of production, publication, distribution, manufacture [القاهرة] :
Name of producer, publisher, distributor, manufacturer المطبعة الأميرية،
Date of production, publication, distribution, manufacture, or copyright notice [1910]
300 ## - PHYSICAL DESCRIPTION
Extent 54 صفحة؛
Dimensions 29 سم.
336 ## - CONTENT TYPE
Content type term نص
Content type code txt
Source rdacontent
Materials specified كتاب
337 ## - MEDIA TYPE
Media type term بدون وسيط
Media type code n
Source rdamedia
338 ## - CARRIER TYPE
Carrier type term مجلد
Carrier type code nc
Source rdacarrier
650 #7 - SUBJECT ADDED ENTRY--TOPICAL TERM
Topical term or geographic name entry element الحج (فقه إسلامي)
General subdivision مناسك
Source of heading or term aucsh
650 #7 - SUBJECT ADDED ENTRY--TOPICAL TERM
Topical term or geographic name entry element العمرة (فقه إسلامي)
General subdivision مناسك
Source of heading or term aucsh
700 12 - ADDED ENTRY--PERSONAL NAME
Personal name الضي، أحمد بن أحمد بن محمد،
Titles and other words associated with a name باشا
Title of a work قصيدة السيد أحمد باشا الضي في مناسك الحج والعمرة على المذاهب الأربعة.
740 02 - ADDED ENTRY--UNCONTROLLED RELATED/ANALYTICAL TITLE
Uncontrolled related/analytical title قصيدة السيد أحمد باشا الضي في مناسك الحج والعمرة على المذاهب الأربعة.
942 ## - ADDED ENTRY ELEMENTS (KOHA)
Source of classification or shelving scheme Dewey Decimal Classification
Koha item type كتاب مصور نادر
Suppress in OPAC No
949 ## - LOCAL PROCESSING INFORMATION (OCLC)
a SA-JeALM
d 260312
u mohamedma123
n 1
Holdings
Withdrawn status Lost status Source of classification or shelving scheme Damaged status Not for loan Home library Current library Date acquired Total checkouts Full call number Barcode Date last seen Price effective from Koha item type
    Dewey Decimal Classification     DR AbdElwahab Library DR AbdElwahab Library 03/13/2026   م ن 252.5 س ر س 000023039 03/13/2026 03/13/2026 كتاب مصور نادر